000 01275cam a2200325 a 4500
005 20260322212011.0
008 data
010 _a 2010043968
020 _a9781572249097 (pbk.)
020 _a9781572249103 (pdf ebook)
020 _a1572249099
040 _aDLC
_cDLC
_dDLC
042 _apcc
050 0 0 _aBF575.N35
_bL39 2010
082 0 0 _a158.2
_222
092 _a158.2 L39 2010
100 1 _aLavender, Neil J.
245 1 4 _aThe one-way relationship workbook :
_bstep-by-step help for coping with narcissists, egotistical lovers, toxic coworkers, and others who are incredibly self-absorbed /
_cNeil J. Lavender & Alan A. Cavaiola.
260 _aOakland, CA :
_bNew Harbinger Publications,
_cc2010.
300 _avii, 134 p. ;
_c26 cm.
504 _aIncludes bibliographical references.
650 0 _aNarcissism.
650 0 _aInterpersonal relations.
650 0 _aInterpersonal conflict.
700 1 _aCavaiola, Alan A.
906 _a7
_bcbc
_corignew
_d1
_eecip
_f20
_gy-gencatlg
925 0 _aacquire
_b2 shelf copies
_xpolicy default
955 _wrd06 2010-10-18
_frc09 2011-04-18
_trc09 2011-04-18 c. 2 added
001 data
999 _c228
_d228